000 00632cam a2200217 4500
001 J1231
008 090401t1992 xxu||||| |||| 00| 0 eng d
035 _a(Sirsi) u42413
041 _aeng
110 _aEurope
_bEuropean Communities Council
_92364
245 _aCouncil Regulation (EEC) No. 2079/92 of 30 June 1992 instituting a community aid scheme for early retirement from farming.
260 _c1992
300 _a(5)p. ; 30cm.
350 _a0
490 _aRegulation (EEC)
_v2079/92
650 _aEARLY RETIREMENT
650 _aEC REGULATIONS
690 _aEUROPE-SINGLE MARKET
942 _n0
948 _c04/03/1997
999 _c91106
_d91106